| 000 | 00409nam a2200169Ia 4500 | ||
|---|---|---|---|
| 008 | 230917s9999||||xx |||||||||||||| ||und|| | ||
| 020 | _cRS59 | ||
| 040 |
_e27199 _aMAIN |
||
| 041 | _aEnglish | ||
| 082 | _a658.3 M137I | ||
| 100 | _aMcCormick, Ernest J | ||
| 245 | 0 | _aIndustrial psychology | |
| 250 | _a7th ed. | ||
| 260 |
_aNew Delhi _bPrentice-Hall of India _c1987 |
||
| 300 | _axv, 464 p. | ||
| 942 | _cBK | ||
| 999 |
_c61620 _d61620 |
||